5HLuxD.jpg

KING HENRY VIII SENIOR AND PRIMARY SCHOOL LIBRARY OPAC

Rising storm / (Record no. 917)

000 -LEADER
fixed length control field 01235cam a22003492a 4500
001 - CONTROL NUMBER
control field .b14202682
003 - CONTROL NUMBER IDENTIFIER
control field OSt
005 - DATE AND TIME OF LATEST TRANSACTION
control field 20191226142712.0
008 - FIXED-LENGTH DATA ELEMENTS--GENERAL INFORMATION
fixed length control field 151025t20152004nyua c 000 f eng
020 ## - INTERNATIONAL STANDARD BOOK NUMBER
International Standard Book Number 9780062366993
Qualifying information (pbk.) :
040 ## - CATALOGING SOURCE
Original cataloging agency KUAS
Language of cataloging eng
Transcribing agency DIPPER
Description conventions rda
041 0# - LANGUAGE CODE
Language code of text/sound track or separate title eng
042 ## - AUTHENTICATION CODE
Authentication code nbic
082 ## - DEWEY DECIMAL CLASSIFICATION NUMBER
Classification number FIC HUN
100 1# - MAIN ENTRY--PERSONAL NAME
Personal name Hunter, Erin,
Relator term author.
245 10 - TITLE STATEMENT
Title Rising storm /
Statement of responsibility, etc. Erin Hunter.
250 ## - EDITION STATEMENT
Edition statement Revised paperbak edition.
260 ## - PUBLICATION, DISTRIBUTION, ETC.
Place of publication, distribution, etc. New York, N.Y.
Name of publisher, distributor, etc. Harper,
Date of publication, distribution, etc. 2015.
300 ## - PHYSICAL DESCRIPTION
Extent 315, 18 pages :
Other physical details illustrations ; map ;
Dimensions 20 cm.
440 ## - SERIES STATEMENT/ADDED ENTRY--TITLE
Title Warriors ;
Number of part/section of a work bk 4.
440 ## - SERIES STATEMENT/ADDED ENTRY--TITLE
Title The prophecies begin ;
Number of part/section of a work bk 4.
500 ## - GENERAL NOTE
General note First published : 2004.
500 ## - GENERAL NOTE
General note Includes excerpt from book 5 : A dangerous path.
520 ## - SUMMARY, ETC.
Summary, etc. Fireheart, the warrior cat, faces many challenges in his new role of ThunderClan deputy as his apprentice, Cloudpaw, resists following the warrior code, Bluestar weakens, and Tigerclaw continues to haunt the forest seeking revenge.
521 ## - TARGET AUDIENCE NOTE
Target audience note Ages 8-12.
650 #0 - SUBJECT ADDED ENTRY--TOPICAL TERM
Topical term or geographic name entry element Cats
General subdivision Fiction.
650 #0 - SUBJECT ADDED ENTRY--TOPICAL TERM
Topical term or geographic name entry element Cats
General subdivision Juvenile fiction.
650 #0 - SUBJECT ADDED ENTRY--TOPICAL TERM
Topical term or geographic name entry element Feral cats
General subdivision Juvenile fiction.
650 #0 - SUBJECT ADDED ENTRY--TOPICAL TERM
Topical term or geographic name entry element Prophecies
General subdivision Juvenile fiction.
655 #7 - INDEX TERM--GENRE/FORM
Genre/form data or focus term Fantasy fiction.
942 ## - ADDED ENTRY ELEMENTS (KOHA)
Source of classification or shelving scheme
Koha item type Books - Fiction
Holdings
Withdrawn status Lost status Source of classification or shelving scheme Damaged status Not for loan Collection code Permanent Location Current Location Shelving location Date acquired Total Checkouts Full call number Barcode Date last seen Date last checked out Price effective from Koha item type
          Fiction KH8 Senior School Library KH8 Senior School Library Fiction 2019-12-26 5 FIC HUN 3KHSL000101672 2026-01-27 2026-01-08 2019-12-26 Books - Fiction

Powered By KH8 IT Dept